JetPunk Quizzes Taken Over A Million Times - Statistics

General Stats
  • This quiz has been taken 24 times
  • The average score is 2 of 9
Answer Stats
Times Taken (millions) Answer % Correct
10.6 Countries of the World Quiz
94%
4.1 US States Quiz
41%
1.0 U.S. Presidents Quiz
18%
1.6 World Capitals Quiz
12%
1.7 Europe Map Quiz
6%
1.5 Fast Typing to 100
6%
1.3 Fifty States in One Minute
6%
2.1 United States Map Quiz
6%
1.1 Fast Typing A to Z
0%
No matching quizzes found
Score Distribution
Percent of People with Each Score
Percentile by Number Answered
Your Score History
You have not taken this quiz